[Event "Pyramiden Cup 2015"]
[Site "Fuerth"]
[Date "2015.09.04"]
[Round "2.43"]
[White "Haesslein, Rainer"]
[Black "Navratil, Robert"]
[Result "0-1"]
[WhiteElo "1609"]
[BlackElo "2121"]
[PlyCount "76"]
[EventDate "2015.??.??"]
[WhiteTeam "Wolframs-Eschenbach"]
[BlackTeam "ASK Salzburg"]

1. e4 d5 2. e5 Bf5 3. d4 c5 4. Bb5+ Nc6 5. dxc5 Qa5+ 6. Nc3 O-O-O 7. Bxc6 bxc6
8. Bd2 Qxc5 9. Qe2 d4 10. Qa6+ Kb8 11. b4 Qb6 12. Qxb6+ axb6 13. Na4 Kb7 14. c4
Bc2 15. Nb2 e6 16. a3 f6 17. exf6 gxf6 18. Nf3 e5 19. O-O Ne7 20. Ne1 Bg6 21.
a4 Ra8 22. Ned3 Nc8 23. c5 e4 24. Nf4 bxc5 25. bxc5 Bxc5 26. Ne6 Bb6 27. a5 Re8
28. Ng7 Re7 29. axb6 Rxa1 30. Rxa1 Rxg7 31. Nc4 c5 32. Nd6+ Nxd6 33. Ra7+ Kxb6
34. Rxg7 Kc6 35. Kf1 c4 36. Ke2 c3 37. Bf4 d3+ 38. Ke3 Nf5+ 0-1

[Event "Pyramiden Cup 2015"]
[Site "Fuerth"]
[Date "2015.09.04"]
[Round "2.44"]
[White "Walch, Roger"]
[Black "Mehringer, Joerg"]
[Result "0-1"]
[WhiteElo "1733"]
[BlackElo "1945"]
[PlyCount "82"]
[EventDate "2015.??.??"]
[WhiteTeam "SW Nürnberg Süd"]
[BlackTeam "Schachpinguine Berlin"]

1. e4 e5 2. Bc4 Nf6 3. d3 Nc6 4. Nf3 d6 5. h3 Na5 6. Nbd2 Be7 7. O-O O-O 8. b4
Nxc4 9. Nxc4 Be6 10. Ne3 Nd7 11. c4 f5 12. Nd5 Bxd5 13. cxd5 a5 14. Bd2 axb4
15. Bxb4 c5 16. dxc6 bxc6 17. Qb3+ Kh8 18. Qc2 c5 19. Bc3 Qc7 20. Ne1 f4 21.
Qe2 Rf6 22. Nf3 Rf7 23. a4 Rff8 24. a5 Qc6 25. Qa2 Rfb8 26. g3 Rf8 27. Nh2 Qc8
28. Qe6 Qd8 29. Rab1 Rf6 30. Qd5 Rg6 31. Kh1 fxg3 32. fxg3 Rxg3 33. Rf3 Rxf3
34. Nxf3 Rb8 35. Rg1 Nf6 36. Qa2 Qg8 37. Qg2 Nh5 38. Qg4 Qf7 39. Bxe5 Rf8 40.
Qxh5 Qxh5 41. Bxg7+ Kg8 0-1

[Event "Pyramiden Cup 2015"]
[Site "Fuerth"]
[Date "2015.09.04"]
[Round "2.45"]
[White "Hartmann, Thomas"]
[Black "Cordts, Elof"]
[Result "0-1"]
[WhiteElo "2039"]
[BlackElo "1787"]
[PlyCount "57"]
[EventDate "2015.??.??"]
[WhiteTeam "SC WD Ulm"]
[BlackTeam "SC Erlangen"]

1. d4 Nf6 2. c4 c5 3. Nf3 e6 4. Nc3 d5 5. cxd5 Nxd5 6. e4 Nc7 7. Bf4 cxd4 8.
Qxd4 Qxd4 9. Nxd4 Nba6 10. a3 Bd7 11. b4 Rc8 12. Rc1 Nb8 13. Nd5 exd5 14. Rxc7
Rxc7 15. Bxc7 Nc6 16. Nxc6 bxc6 17. Bd3 Be7 18. O-O O-O 19. Rc1 Bf6 20. e5 Bg5
21. Re1 Re8 22. g3 Bd2 23. Re2 Bc1 24. Bd6 Bg5 25. Bc5 Bg4 26. Rc2 Rxe5 27. f4
Re1+ 28. Kf2 Rd1 29. Be2 0-1

[Event "Pyramiden Cup 2015"]
[Site "Fuerth"]
[Date "2015.09.04"]
[Round "2.46"]
[White "Beesk, Kevin"]
[Black "Hirn, Oskar"]
[Result "1-0"]
[WhiteElo "1921"]
[BlackElo "2212"]
[PlyCount "81"]
[EventDate "2015.??.??"]
[WhiteTeam "SK Neumarkt"]
[BlackTeam "SC NT Nürnberg"]

1. Nc3 d5 2. e4 dxe4 3. Nxe4 Nd7 4. Bc4 e6 5. Qe2 Ngf6 6. d3 Be7 7. f4 O-O 8.
Nf3 a6 9. a4 Rb8 10. O-O b5 11. axb5 axb5 12. Bb3 Bb7 13. h3 Nxe4 14. dxe4 Nc5
15. Nd2 Qd4+ 16. Kh2 Nxb3 17. cxb3 Rfd8 18. Qxb5 Bxe4 19. Qc4 Bd3 20. Qxd4 Rxd4
21. Rf2 Bc5 22. Ra5 Rd5 23. Rf3 Be2 24. Rc3 Bg1+ 25. Kxg1 Rxa5 26. Rxc7 h6 27.
Kf2 Bd1 28. Nc4 Ra6 29. Ne5 f6 30. Nd7 Rb5 31. Nc5 Rd6 32. f5 exf5 33. Bf4 Rd5
34. Ne6 g5 35. Be3 Rxb3 36. Bd4 Rd3 37. Rg7+ Kh8 38. Bxf6 Rd2+ 39. Kg1 Rd6 40.
Rxg5+ Kh7 41. Nf8# 1-0

[Event "Pyramiden Cup 2015"]
[Site "Fuerth"]
[Date "2015.09.04"]
[Round "2.47"]
[White "Weber, Andreas"]
[Black "Adler, Herbert"]
[Result "1-0"]
[WhiteElo "1776"]
[BlackElo "2001"]
[PlyCount "47"]
[EventDate "2015.??.??"]
[WhiteTeam "SC Flörsheim"]
[BlackTeam "SG Büchenbach/Roth"]

1. e4 e6 2. Qe2 g6 3. Nf3 Bg7 4. d4 Ne7 5. Bg5 O-O 6. Nc3 h6 7. Be3 d5 8. O-O-O
b6 9. Qd2 Kh7 10. Bd3 Ba6 11. g4 Bxd3 12. Qxd3 dxe4 13. Qxe4 Nd7 14. Rdg1 Nf6
15. Qd3 Nfd5 16. Bd2 Nxc3 17. bxc3 b5 18. h4 Qd5 19. h5 Qxa2 20. hxg6+ fxg6 21.
Bxh6 Rh8 22. Bg5+ Kg8 23. Rxh8+ Kxh8 24. Bxe7 1-0

[Event "Pyramiden Cup 2015"]
[Site "Fuerth"]
[Date "2015.09.04"]
[Round "2.48"]
[White "Hoffmann, Sebastian"]
[Black "Braun, Kristin"]
[Result "1-0"]
[WhiteElo "1860"]
[BlackElo "1735"]
[PlyCount "95"]
[EventDate "2015.??.??"]
[WhiteTeam "SC NT Nürnberg"]
[BlackTeam "SC Forchheim"]

1. e4 d5 2. exd5 Nf6 3. Nc3 Nxd5 4. Bc4 Nb6 5. Bb3 Nc6 6. Nf3 e5 7. d3 Bb4 8.
Ng5 Be6 9. Nxe6 fxe6 10. Qg4 Qf6 11. Bg5 Qf5 12. Bxe6 Qxg4 13. Bxg4 Na4 14. Bd2
Nxb2 15. Nd5 Bxd2+ 16. Kxd2 Rd8 17. Nxc7+ Kf7 18. a4 e4 19. Be6+ Kf6 20. Kc1
exd3 21. Kxb2 dxc2 22. Bb3 Rd2 23. Nd5+ Ke5 24. Rhe1+ Kd6 25. Nc3 Kd7 26. Ne4
Rd4 27. Bxc2 Nb4 28. Rad1 Nxc2 29. Kxc2 Rc8+ 30. Kb3 Rcc4 31. Rxd4+ Rxd4 32.
Kc3 Rd5 33. Re3 b5 34. Rd3 Rxd3+ 35. Kxd3 b4 36. a5 Kc6 37. Kc4 b3 38. Kxb3 Kb5
39. Nd6+ Kxa5 40. Kc4 Kb6 41. Nc8+ Kb7 42. Nxa7 Kxa7 43. Kd5 Kb6 44. Ke6 Kc6
45. Kf7 g5 46. Kf6 g4 47. Kg5 Kd6 48. Kxg4 1-0

[Event "Pyramiden Cup 2015"]
[Site "Fuerth"]
[Date "2015.09.04"]
[Round "2.49"]
[White "Leis, Stefan"]
[Black "Schroeder, Stefan"]
[Result "1/2-1/2"]
[WhiteElo "1998"]
[BlackElo "1791"]
[PlyCount "65"]
[EventDate "2015.??.??"]
[WhiteTeam "SC Mühlh.-Reichelsdorf"]
[BlackTeam "SG Airb. Heli."]

1. d4 Nf6 2. Nc3 d5 3. e4 Nxe4 4. Nxe4 dxe4 5. Bf4 c6 6. Qd2 Bf5 7. O-O-O e6 8.
h3 Bd6 9. Ne2 Qc7 10. g4 Bg6 11. h4 h5 12. Bxd6 Qxd6 13. Nf4 Rh6 14. f3 exf3
15. g5 Rh8 16. Nxg6 fxg6 17. Bd3 Nd7 18. Bxg6+ Ke7 19. Qe3 Raf8 20. Kb1 Qf4 21.
Qf2 Nb6 22. Rde1 Nc4 23. Rh2 Nd6 24. b3 Nb5 25. c4 Nc3+ 26. Kc2 Ne2 27. d5 cxd5
28. Qc5+ Qd6 29. Qxa7 Qxh2 30. Qxb7+ Kd8 31. Qa8+ Kd7 32. Qa4+ Kc8 33. Qa6+
1/2-1/2

[Event "Pyramiden Cup 2015"]
[Site "Fuerth"]
[Date "2015.09.04"]
[Round "2.50"]
[White "Meyer, Thomas"]
[Black "Herold, Hansjoerg"]
[Result "1/2-1/2"]
[WhiteElo "1755"]
[BlackElo "2003"]
[PlyCount "92"]
[EventDate "2015.??.??"]
[WhiteTeam "Bergstedter SK"]
[BlackTeam "SV Böckingen"]

1. d4 Nf6 2. c4 c5 3. d5 e6 4. Nc3 exd5 5. cxd5 d6 6. e4 a6 7. a4 g6 8. Nf3 Bg7
9. h3 O-O 10. Bf4 Re8 11. Qc2 Qc7 12. Be2 Nbd7 13. O-O Rb8 14. Rfe1 Ne5 15. Nd2
Bd7 16. Bh2 g5 17. Nf1 b5 18. axb5 axb5 19. Nd2 Ng6 20. Bf1 b4 21. Nd1 Nxd5 22.
Nc4 Ndf4 23. Qd2 Bd4 24. g3 Ne6 25. Nde3 Ne5 26. Bg2 Nxc4 27. Nxc4 Bb5 28. Ne3
Bxe3 29. Rxe3 Qe7 30. Rae1 Nd4 31. f4 Qf6 32. e5 dxe5 33. Rxe5 Red8 34. Qf2 Ne6
35. fxg5 Qxf2+ 36. Kxf2 Rd2+ 37. Kg1 Rxb2 38. g4 Bc4 39. Rxe6 Bxe6 40. Bxb8 c4
41. Be5 c3 42. Ra1 Kf8 43. Bc6 Ba2 44. Bf6 Rd2 45. Re1 Be6 46. Ra1 Ba2 1/2-1/2

[Event "Pyramiden Cup 2015"]
[Site "Fuerth"]
[Date "2015.09.04"]
[Round "2.51"]
[White "Heinrich, Leon"]
[Black "Koch, Christian"]
[Result "0-1"]
[WhiteElo "1612"]
[BlackElo "1925"]
[PlyCount "104"]
[EventDate "2015.??.??"]
[WhiteTeam "SW Nürnberg Süd"]
[BlackTeam "SC Höchstadt/Aisch"]

1. d4 Nf6 2. c4 g6 3. Nf3 Bg7 4. Nc3 O-O 5. e4 d6 6. Be3 e5 7. d5 Nbd7 8. b4 a5
9. a3 b6 10. Be2 h6 11. O-O Ng4 12. Bd2 f5 13. Qc2 f4 14. Na4 Ngf6 15. Bd3 axb4
16. axb4 Ba6 17. Ra2 g5 18. Rfa1 g4 19. Ne1 Bc8 20. c5 Nh7 21. f3 gxf3 22. Nxf3
Ndf6 23. cxb6 cxb6 24. Qc6 Rb8 25. Rc1 b5 26. Nb2 Rf7 27. Ra8 Rxa8 28. Qxa8 Rf8
29. Nd1 Ng5 30. Nf2 Nxf3+ 31. gxf3 Nh7 32. Kh1 Bg4 33. Qxd8 Bxf3+ 34. Kg1 Rxd8
35. Bxb5 Nf6 36. Bd3 Rb8 37. b5 Bf8 38. Rb1 Nd7 39. Nd1 Nc5 40. Bc2 Nxe4 41.
Ba5 Nc5 42. Nc3 Ra8 43. Bb4 Nb7 44. Kf2 Bh5 45. Na4 e4 46. Nc3 e3+ 47. Ke1 Be7
48. Bd3 Kf7 49. Kf1 Bg4 50. Kg2 Rg8 51. Kf1 f3 52. Ba3 Bh3+ 0-1

[Event "Pyramiden Cup 2015"]
[Site "Fuerth"]
[Date "2015.09.04"]
[Round "2.52"]
[White "Birkmann, Guenther"]
[Black "Naumann, Thomas"]
[Result "1/2-1/2"]
[WhiteElo "2054"]
[BlackElo "1760"]
[PlyCount "102"]
[EventDate "2015.??.??"]
[WhiteTeam "SK Zirndorf"]
[BlackTeam "ESV Lok Döbeln"]

1. Nf3 d6 2. d4 Nf6 3. c4 g6 4. Nc3 Bg7 5. g3 O-O 6. Bg2 c6 7. O-O Na6 8. b3 e5
9. e3 e4 10. Ne1 d5 11. f3 Re8 12. fxe4 dxe4 13. Nc2 Bf5 14. Ba3 Qd7 15. b4 Nc7
16. Qe2 Qe6 17. Rab1 Bg4 18. Qd2 Qxc4 19. Rxf6 Bxf6 20. Nxe4 Qe6 21. Nxf6+ Qxf6
22. Qd3 Rad8 23. e4 h5 24. Bb2 Qg5 25. a4 Kh7 26. Rf1 Rd7 27. Ne3 Rf8 28. Qc3
Ne8 29. h4 Qe7 30. Rf4 Be6 31. Kh2 f5 32. d5 cxd5 33. exd5 Bf7 34. b5 Rg8 35.
Qd3 Nd6 36. Ba3 Qe5 37. Bc5 b6 38. Bd4 Qe7 39. Nc2 Ne8 40. Bb2 Nf6 41. Ne3 Ng4+
42. Nxg4 hxg4 43. Ba3 Qf6 44. d6 Rgd8 45. Rd4 Be6 46. Bc6 Rf7 47. Qe3 Bd7 48.
Qf4 Re8 49. Rd2 Qe5 50. Bb2 Qxf4 51. gxf4 Re3 1/2-1/2

[Event "Pyramiden Cup 2015"]
[Site "Fuerth"]
[Date "2015.09.04"]
[Round "2.53"]
[White "Spinnler, Wolfgang"]
[Black "Li, Simon"]
[Result "1/2-1/2"]
[WhiteElo "1650"]
[BlackElo "2013"]
[PlyCount "63"]
[EventDate "2015.??.??"]
[WhiteTeam "SC Landskrone"]
[BlackTeam "SK Schweinfurt"]

1. Nf3 c5 2. c4 Nf6 3. g3 d5 4. b3 Nc6 5. Bb2 d4 6. d3 e5 7. Bg2 Bd6 8. O-O O-O
9. Re1 Bf5 10. Nh4 Bg6 11. Nd2 Qd7 12. Nxg6 fxg6 13. Ne4 Kh8 14. Ba3 Nxe4 15.
Bxe4 Rf6 16. Bc1 Raf8 17. Rf1 Qf7 18. f3 h6 19. Bd5 Qd7 20. Kg2 g5 21. Bd2 g4
22. Rf2 Ne7 23. Be4 Nf5 24. Qc2 Qf7 25. Rh1 Qg6 26. Qc1 gxf3+ 27. exf3 Qf7 28.
Bd5 Qd7 29. Be4 b6 30. h4 a5 31. g4 Ne7 32. g5 1/2-1/2

[Event "Pyramiden Cup 2015"]
[Site "Fuerth"]
[Date "2015.09.04"]
[Round "2.54"]
[White "Gerl, Hans"]
[Black "Dreiseitel, Werner"]
[Result "1-0"]
[WhiteElo "1968"]
[BlackElo "1568"]
[PlyCount "59"]
[EventDate "2015.??.??"]
[WhiteTeam "SK Zirndorf"]
[BlackTeam "SGem Fürth"]

1. d4 d5 2. c4 c6 3. Nf3 Nf6 4. Nc3 e6 5. Qc2 Bd6 6. g4 h6 7. Rg1 g5 8. Bd2 Qc7
9. h4 dxc4 10. hxg5 hxg5 11. Bxg5 Nd5 12. a3 b5 13. e4 Nxc3 14. Qxc3 Bf4 15. e5
Bxg5 16. Nxg5 Bb7 17. Ne4 Nd7 18. Nd6+ Ke7 19. Bg2 Raf8 20. g5 Ba8 21. O-O-O
Nb6 22. Be4 Nd5 23. Bxd5 exd5 24. f4 Rh7 25. f5 Rfh8 26. f6+ Kf8 27. Qb4 a5 28.
Qc5 Kg8 29. g6 fxg6 30. Rxg6+ 1-0

[Event "Pyramiden Cup 2015"]
[Site "Fuerth"]
[Date "2015.09.04"]
[Round "2.55"]
[White "Kuespert, Helmut"]
[Black "Paul, Arthur"]
[Result "1-0"]
[WhiteElo "1934"]
[BlackElo "1509"]
[PlyCount "43"]
[EventDate "2015.??.??"]
[WhiteTeam "1.FC Marktleuthen"]
[BlackTeam "SW Nürnberg Süd"]

1. e4 c5 2. b4 cxb4 3. d4 d6 4. a3 Nf6 5. Bd3 g6 6. axb4 Bg7 7. c3 O-O 8. f4
Qc7 9. Nf3 Nbd7 10. O-O Nb6 11. Qe2 d5 12. e5 Ne8 13. Ng5 e6 14. b5 Bd7 15. Ba3
Nc4 16. Bxc4 dxc4 17. Bxf8 Bxf8 18. Na3 Bxa3 19. Rxa3 Bxb5 20. Rb1 Qd7 21. Ra5
Nc7 22. Ne4 1-0

[Event "Pyramiden Cup 2015"]
[Site "Fuerth"]
[Date "2015.09.04"]
[Round "2.56"]
[White "Im Brook, Jens"]
[Black "Grabmeier, Johannes"]
[Result "0-1"]
[WhiteElo "1500"]
[BlackElo "1929"]
[PlyCount "68"]
[EventDate "2015.??.??"]
[WhiteTeam "SF Rot"]
[BlackTeam "SV Deggendorf"]

1. e4 b6 2. Nf3 Bb7 3. Nc3 e6 4. d3 d6 5. Be3 Nf6 6. g3 Be7 7. Bg2 O-O 8. O-O
Nbd7 9. Re1 a6 10. a3 c5 11. Ne2 Qc7 12. c4 Rfd8 13. Nc3 Rab8 14. Qc2 Bc6 15.
a4 Nf8 16. b3 e5 17. Bh3 Qb7 18. Reb1 a5 19. Nh4 Ne6 20. Bxe6 fxe6 21. Nf3 h6
22. h3 Rf8 23. Qe2 Rf7 24. Nh4 d5 25. cxd5 exd5 26. exd5 Nxd5 27. Nxd5 Bxd5 28.
Qg4 Bxh4 29. gxh4 Bf3 30. Qg3 Kh7 31. Kh2 Qe7 32. Rg1 Rd8 33. Qg6+ Kh8 34. Rg3
Rd6 0-1

[Event "Pyramiden Cup 2015"]
[Site "Fuerth"]
[Date "2015.09.04"]
[Round "2.57"]
[White "Suess, Helmut"]
[Black "Boese, Christina"]
[Result "1/2-1/2"]
[WhiteElo "1959"]
[BlackElo "1499"]
[PlyCount "60"]
[EventDate "2015.??.??"]
[WhiteTeam "SC NT Nürnberg"]
[BlackTeam "SC Bechhofen"]

1. Nf3 d5 2. d4 e6 3. c4 Nf6 4. Nc3 b6 5. Bg5 Be7 6. e3 Bb7 7. cxd5 exd5 8. Bd3
Nbd7 9. O-O O-O 10. Rc1 c5 11. Re1 Rc8 12. Bf5 Ne4 13. Bxe7 Qxe7 14. Nxe4 dxe4
15. Nd2 cxd4 16. Rxc8 Rxc8 17. exd4 Re8 18. Bxe4 Bxe4 19. Rxe4 Qf8 20. Rxe8
Qxe8 21. Nf3 Qe4 22. h3 Nf6 23. Qe1 Qc2 24. Qc3 Qb1+ 25. Kh2 h6 26. a3 Qe4 27.
Qc8+ Ne8 28. Ne5 Kf8 29. Qd7 Qf4+ 30. Kg1 Qc1+ 1/2-1/2

[Event "Pyramiden Cup 2015"]
[Site "Fuerth"]
[Date "2015.09.04"]
[Round "2.59"]
[White "Mix, Thomas"]
[Black "Hirn, Thomas"]
[Result "1-0"]
[WhiteElo "1949"]
[BlackElo "1488"]
[PlyCount "79"]
[EventDate "2015.??.??"]
[WhiteTeam "SF Brannenburg"]
[BlackTeam "TuS Fürstenfeldbruck"]

1. d4 d5 2. Bf4 e6 3. e3 a6 4. c4 Nf6 5. Nc3 Nc6 6. Bd3 h6 7. Rc1 dxc4 8. Bxc4
Bd6 9. Nge2 O-O 10. a3 Re8 11. Bxd6 cxd6 12. O-O d5 13. Ba2 Bd7 14. b4 Ne7 15.
Bb1 Bc6 16. Nf4 Bd7 17. Re1 Qb8 18. Nd3 Nc6 19. Nc5 Bc8 20. f4 b6 21. Nd3 Ne7
22. Ne5 Nf5 23. g4 Nd6 24. g5 hxg5 25. fxg5 Nfe4 26. Nxe4 dxe4 27. Qh5 g6 28.
Qh4 Nf5 29. Qxe4 Bb7 30. Qg4 Kg7 31. Be4 Rh8 32. Qf3 Bxe4 33. Qxe4 Rh4 34. Ng4
Qd8 35. Qe5+ Kf8 36. Nf6 Ra7 37. Rc6 Rh5 38. Qf4 Rh4 39. Qf3 Rh5 40. Nxh5 1-0

[Event "Pyramiden Cup 2015"]
[Site "Fuerth"]
[Date "2015.09.04"]
[Round "2.60"]
[White "Dreiseitel, Ursula"]
[Black "Wagner, Leopold Franziskus"]
[Result "1/2-1/2"]
[WhiteElo "1476"]
[BlackElo "1945"]
[PlyCount "112"]
[EventDate "2015.??.??"]
[WhiteTeam "SGem Fürth"]
[BlackTeam "BSG Grün-Weiß Leipzig"]

1. d4 Nf6 2. Nf3 e6 3. Bf4 c5 4. c3 d5 5. e3 Nc6 6. Nbd2 Be7 7. Bd3 O-O 8. O-O
Qb6 9. Qb3 Qd8 10. Qd1 cxd4 11. exd4 Bd7 12. Ne5 a6 13. Ndf3 b5 14. a3 Na5 15.
Qc2 g6 16. Bh6 Re8 17. Ng5 Bf8 18. Ngxf7 Qe7 19. Bg5 Bg7 20. h4 Rf8 21. Nh6+
Bxh6 22. Bxh6 Rfc8 23. f3 Nc6 24. Rae1 Nxd4 25. Qb1 Nf5 26. Bg5 Be8 27. g4 Ng7
28. Rf2 Qf8 29. Bxf6 Qxf6 30. Rh2 Qf4 31. h5 Qg3+ 32. Rg2 Qf4 33. hxg6 hxg6 34.
Bxg6 Ra7 35. Bh7+ Kf8 36. Qd3 Rcc7 37. Bg6 Qf6 38. Rh2 Bxg6 39. Rh8+ Ke7 40.
Nxg6+ Kd6 41. Ne5 Nf5 42. Rg8 Rg7 43. Rxg7 Rxg7 44. Qe2 Qh6 45. Qh2 Qxh2+ 46.
Kxh2 Ne7 47. Nd3 Ng6 48. Kg3 e5 49. f4 e4 50. Nf2 Re7 51. Re3 Rf7 52. f5 Ne5
53. Kf4 Nc4 54. Re2 Ke7 55. Nd1 Kf6 56. Ne3 Nxe3 1/2-1/2

[Event "Pyramiden Cup 2015"]
[Site "Fuerth"]
[Date "2015.09.04"]
[Round "2.61"]
[White "Weber, Samuel"]
[Black "Oberley, Karl-Heinz"]
[Result "1-0"]
[WhiteElo "1936"]
[BlackElo "1143"]
[PlyCount "45"]
[EventDate "2015.??.??"]
[WhiteTeam "SC Flörsheim"]
[BlackTeam "SK Ingolstadt"]

1. e4 c5 2. d4 cxd4 3. c3 d3 4. Bxd3 d6 5. c4 Nf6 6. Nf3 Nc6 7. h3 e6 8. Nc3
Be7 9. O-O a6 10. Qe2 Qc7 11. Rd1 Rb8 12. Bf4 O-O 13. e5 Nh5 14. Bh2 g6 15.
exd6 Bxd6 16. Bxd6 Qxd6 17. Bxg6 Qc5 18. Ne4 Nf4 19. Qd2 Nxh3+ 20. gxh3 Qxc4
21. Bxh7+ Kxh7 22. Nf6+ Kh8 23. Qh6# 1-0

[Event "Pyramiden Cup 2015"]
[Site "?"]
[Date "2015.09.04"]
[Round "3.1"]
[White "Miller, Eduard"]
[Black "Kunin, Vitaly"]
[Result "0-1"]
[WhiteElo "2245"]
[BlackElo "2563"]
[PlyCount "54"]
[EventDate "2015.??.??"]
[TimeControl "6000+1000"]
[WhiteClock "0:01:05"]
[BlackClock "0:41:35"]

1. e4 d6 2. d4 Nf6 3. f3 d5 4. e5 Nfd7 5. c4 dxc4 6. Bxc4 e6 7. f4 Nb6 8. Bb3
c5 9. Nf3 Nc6 10. Nc3 Nxd4 11. Be3 Nxb3 12. Qxb3 Bd7 13. Rd1 Be7 14. O-O O-O
15. Ne4 Qc7 16. Qc2 Nd5 17. Nfg5 g6 18. Qf2 h6 19. Qh4 Kg7 20. f5 exf5 21. Rxd5
Rh8 22. Qg3 Bc6 23. Rd6 hxg5 24. Bxg5 Bxe4 25. Rxg6+ fxg6 26. Bf6+ Kf8 27. Bxh8
Qc6 0-1

[Event "Pyramiden Cup 2015"]
[Site "?"]
[Date "2015.09.04"]
[Round "3.2"]
[White "Krivoborodov, Egor"]
[Black "Loew, Gerald"]
[Result "1-0"]
[WhiteElo "2518"]
[BlackElo "2273"]
[PlyCount "145"]
[EventDate "2015.??.??"]
[TimeControl "6000+1635"]
[WhiteClock "0:27:21"]
[BlackClock "0:00:45"]

1. e4 c5 2. Nf3 g6 3. d4 cxd4 4. Nxd4 Bg7 5. Nc3 Nc6 6. Be3 Nf6 7. Bc4 O-O 8.
Bb3 a5 9. f3 d5 10. Bxd5 Nxd5 11. Nxd5 f5 12. Nxc6 bxc6 13. Nb6 Rb8 14. Qxd8
Rxd8 15. Rd1 Rxd1+ 16. Kxd1 fxe4 17. Nxc8 Rxc8 18. b3 exf3 19. gxf3 Rf8 20. Ke2
Rf5 21. a4 Be5 22. Bb6 Bc3 23. Rd1 Re5+ 24. Kf1 Rh5 25. Rd8+ Kf7 26. Rc8 Rxh2
27. Rxc6 Bb4 28. Rc4 h5 29. c3 Bd6 30. Bxa5 Bg3 31. Bb6 h4 32. Rg4 Rc2 33. c4
Rb2 34. a5 Rxb3 35. Ke2 Rb1 36. c5 h3 37. Rxg3 h2 38. Rh3 h1=Q 39. Rxh1 Rxh1
40. a6 Ra1 41. a7 Ke6 42. c6 Kd6 43. c7 Kd7 44. Ke3 Ra4 45. f4 Kc8 46. Kd3 Kb7
47. Kc3 Kc8 48. Kb3 Ra6 49. Kc4 Kb7 50. Kd5 Kc8 51. Kc6 Ra1 52. Bd4 Ra6+ 53.
Kb5 Ra2 54. Kb6 Ra4 55. Bc5 e6 56. Kc6 Ra6+ 57. Bb6 Ra1 58. Kd6 Ra6 59. Ke7 Ra4
60. Kxe6 Ra6 61. Kf7 Kd7 62. Kf8 Ra4 63. Kg7 Ra6 64. Kf7 Kc8 65. Ke7 Ra4 66.
Kd6 Ra6 67. Kc6 Ra1 68. Bd4 Ra6+ 69. Kb5 Ra2 70. Kb6 Ra3 71. Bb2 Ra2 72. Bc3
Ra3 73. Ba5 1-0

[Event "Pyramiden Cup 2015"]
[Site "?"]
[Date "2015.09.04"]
[Round "3.3"]
[White "Promyshlyanskyy, Vitaliy"]
[Black "Kveinys, Aloyzas"]
[Result "1/2-1/2"]
[WhiteElo "2236"]
[BlackElo "2485"]
[PlyCount "41"]
[EventDate "2015.??.??"]
[TimeControl "6000+1260"]
[WhiteClock "0:59:54"]
[BlackClock "0:39:04"]

1. e4 c5 2. Nc3 Nc6 3. Bb5 Nd4 4. Bc4 e6 5. Nge2 Ne7 6. Nxd4 cxd4 7. Ne2 Nc6 8.
d3 g6 9. Bf4 d5 10. exd5 exd5 11. Bb3 Bg7 12. Qd2 O-O 13. O-O Re8 14. Rfe1 Be6
15. Bh6 Be5 16. Ng3 Bc7 17. Re2 Qf6 18. Bg5 Qg7 19. Bh6 Qf6 20. Bg5 Qg7 21. Bh6
1/2-1/2

[Event "Pyramiden Cup 2015"]
[Site "?"]
[Date "2015.09.04"]
[Round "3.4"]
[White "Ikonnikov, Vyacheslav"]
[Black "Niedermeier, Thomas"]
[Result "1-0"]
[WhiteElo "2518"]
[BlackElo "2226"]
[PlyCount "81"]
[EventDate "2015.??.??"]
[TimeControl "6000+980"]
[WhiteClock "0:11:46"]
[BlackClock "0:01:09"]

1. d4 Nf6 2. Nf3 g6 3. c4 Bg7 4. Nc3 d6 5. e4 O-O 6. Be2 e5 7. d5 a5 8. h3 Nh5
9. g3 Na6 10. Nh2 Nc5 11. Bxh5 gxh5 12. Be3 f5 13. Bxc5 dxc5 14. Qxh5 fxe4 15.
Nxe4 b5 16. O-O-O Bf5 17. Qe2 bxc4 18. Nf3 Rb8 19. Rhe1 Bh6+ 20. Nfd2 Qxd5 21.
Nc3 Qd3 22. Qxd3 Bxd3 23. Rxe5 Rxf2 24. Rxc5 Bxd2+ 25. Rxd2 Rxd2 26. Kxd2 Rxb2+
27. Ke3 Rg2 28. g4 Rg3+ 29. Kf4 Rxh3 30. Rxa5 Bg6 31. Nd5 Rh2 32. a4 Bf7 33.
Ne3 Rf2+ 34. Kg5 Kf8 35. Rc5 Rf3 36. Nf5 c3 37. a5 Rd3 38. Rxc7 Rd5 39. Kf6 Bg6
40. Rc8+ Be8 41. Ng7 1-0

[Event "Pyramiden Cup 2015"]
[Site "?"]
[Date "2015.09.04"]
[Round "3.5"]
[White "Dorst, Johannes"]
[Black "Milov, Leonid"]
[Result "0-1"]
[WhiteElo "2223"]
[BlackElo "2471"]
[PlyCount "66"]
[EventDate "2015.??.??"]
[TimeControl "6000+920"]
[WhiteClock "0:13:59"]
[BlackClock "0:17:26"]

1. c4 f5 2. Nc3 Nf6 3. g3 e5 4. Bg2 Bb4 5. Qb3 Na6 6. a3 Be7 7. Qc2 d6 8. b4
O-O 9. d3 c6 10. Nf3 Nc7 11. O-O Qe8 12. Rb1 Qh5 13. c5 Bd7 14. Na4 Rae8 15.
cxd6 Bxd6 16. Nc5 Bc8 17. Qc4+ Kh8 18. d4 e4 19. Ne5 Bxe5 20. dxe5 Ng4 21. h3
Nxe5 22. Qc3 Qxe2 23. Qa1 Rf7 24. Bf4 Nf3+ 25. Kh1 Nd5 26. Rb2 Qc4 27. Bxf3
exf3 28. Qc1 Qxc1 29. Bxc1 f4 30. Kh2 b6 31. Nd3 fxg3+ 32. fxg3 Ba6 33. Rb3 Bc4
0-1

[Event "Pyramiden Cup 2015"]
[Site "?"]
[Date "2015.09.04"]
[Round "3.6"]
[White "Knoblauch, Leonhard"]
[Black "Troyke, Christian"]
[Result "0-1"]
[WhiteElo "2177"]
[BlackElo "2344"]
[PlyCount "88"]
[EventDate "2015.??.??"]
[TimeControl "6000+530"]
[WhiteClock "0:14:03"]
[BlackClock "0:25:42"]

1. e4 c5 2. Nf3 Nc6 3. d4 cxd4 4. Nxd4 e5 5. Nb5 d6 6. N1c3 a6 7. Na3 b5 8. Nd5
Nce7 9. c4 Nxd5 10. exd5 bxc4 11. Nxc4 Nf6 12. Be2 Be7 13. Be3 Rb8 14. O-O O-O
15. a4 Nd7 16. Bd2 Nc5 17. b4 Ne4 18. Na5 Nxd2 19. Nc6 Nxf1 20. Nxd8 Bxd8 21.
Qxf1 Rxb4 22. Bxa6 Bb6 23. a5 Bd4 24. Rc1 Bf5 25. Bd3 e4 26. Rc4 Rfb8 27. Bc2
g6 28. h3 h5 29. Qe2 Rxc4 30. Qxc4 Bc5 31. Kf1 Rb4 32. Qc3 Bc8 33. g4 hxg4 34.
hxg4 Ba6+ 35. Kg2 Rc4 36. Qd2 Rd4 37. Qc3 Bc4 38. Bb3 Bxb3 39. Qxb3 Rd2 40. a6
Rxf2+ 41. Kh1 e3 42. Qb8+ Kh7 43. a7 e2 44. Qe8 Bxa7 0-1

[Event "Pyramiden Cup 2015"]
[Site "?"]
[Date "2015.09.04"]
[Round "3.7"]
[White "Colpe, Malte"]
[Black "Walter, Florian"]
[Result "1-0"]
[WhiteElo "2367"]
[BlackElo "2160"]
[PlyCount "93"]
[EventDate "2015.??.??"]

1. d4 d5 2. c4 c6 3. Nf3 Nf6 4. Qc2 e6 5. Bg5 Nbd7 6. cxd5 exd5 7. Nc3 Be7 8.
e3 h6 9. Bf4 Qa5 10. Bd3 Nf8 11. h3 Ne6 12. Bh2 Bd7 13. O-O O-O 14. Ne5 Rfd8
15. a3 c5 16. b4 cxb4 17. axb4 Qb6 18. b5 Bd6 19. Qb3 Rac8 20. Nxd5 Nxd5 21.
Qxd5 Ng5 22. Nxd7 Rxd7 23. Qa2 Bxh2+ 24. Kxh2 Rc3 25. Bf5 Rd8 26. Qa5 Qxa5 27.
Rxa5 Rd5 28. Bg4 Rc2 29. h4 Ne4 30. Bf3 f5 31. Rb1 Rxf2 32. Rxa7 Rd7 33. Kg1
Rc2 34. Bd1 Rc3 35. Bb3+ Kf8 36. Be6 Rdc7 37. b6 Rc1+ 38. Kh2 R7c2 39. Rxc1
Rxc1 40. Rxb7 Nd6 41. Rc7 Rb1 42. Rc6 Ke7 43. Bd5 Kd7 44. Rc7+ Kd8 45. Be6 Rxb6
46. Rd7+ Kc8 47. Rxd6+ 1-0

[Event "Pyramiden Cup 2015"]
[Site "?"]
[Date "2015.09.04"]
[Round "3.8"]
[White "Bunk, Karsten"]
[Black "Ott, Florian"]
[Result "0-1"]
[WhiteElo "2090"]
[BlackElo "2273"]
[PlyCount "156"]
[EventDate "2015.??.??"]
[TimeControl "6000+725"]
[WhiteClock "0:18:07"]
[BlackClock "0:03:03"]

1. c4 c5 2. g3 Nc6 3. Nc3 g6 4. Bg2 Bg7 5. Nf3 e5 6. O-O Nge7 7. Ne1 d6 8. d3
O-O 9. Nc2 a6 10. Ne3 Nd4 11. Ned5 Nxd5 12. Nxd5 Bg4 13. Re1 Rb8 14. h3 Be6 15.
e3 Nc6 16. Rb1 b5 17. b3 Ne7 18. Kh2 Nxd5 19. Bxd5 Bxd5 20. cxd5 f5 21. f4 Re8
22. e4 Qd7 23. Bb2 Re7 24. fxe5 Bxe5 25. Bxe5 Rxe5 26. Rb2 Rbe8 27. Rbe2 Qf7
28. Qd2 Qf6 29. Rf2 Qe7 30. Qa5 Rxd5 31. Qxa6 Rxd3 32. Qxb5 Rd4 33. e5 dxe5 34.
Rc2 e4 35. Rxc5 Rd2+ 36. Kg1 Red8 37. Qc4+ Qf7 38. Qxf7+ Kxf7 39. g4 Ke6 40.
Rc7 Rxa2 41. Rxh7 Rd3 42. b4 Rg3+ 43. Kh1 Rb2 44. Ra1 Ke5 45. gxf5 gxf5 46.
Ra5+ Kf4 47. Rh4+ Ke3 48. Rxf5 Rb1+ 49. Kh2 Rbg1 50. Rg4 R1g2+ 51. Kh1 Rg1+ 52.
Kh2 R1g2+ 53. Kh1 Rxg4 54. hxg4 Rxg4 55. b5 Rg6 56. Kh2 Ke2 57. Rc5 e3 58. Rc6
Rg5 59. b6 Rb5 60. Kg3 Kd2 61. Rd6+ Ke1 62. Kf3 e2 63. Re6 Rb3+ 64. Ke4 Kd2 65.
Kd5 Rxb6 66. Rxb6 e1=Q 67. Re6 Qg3 68. Re4 Qg5+ 69. Kd4 Qb5 70. Re5 Qb4+ 71.
Kd5 Kd3 72. Re6 Qb5+ 73. Kd6 Kd4 74. Ke7 Kd5 75. Rd6+ Kc5 76. Ke6 Qb3+ 77. Ke7
Qb7+ 78. Ke6 Qe4+ 0-1